[Event "Calvia ol (Women)"]
[Site "Mallorca"]
[Date "2004.10.25"]
[Round "10.1"]
[White "Sanchez Castillo, Sarai Carolina"]
[Black "Hansen, Evgenia Peicheva"]
[Result "1/2-1/2"]
[WhiteElo "2141"]
[BlackElo "2165"]
[PlyCount "74"]
[EventDate "2004.10.15"]
[EventType "team-swiss"]
[EventRounds "14"]
[EventCountry "ESP"]
[SourceTitle "CBM 102 Extra"]
[Source "ChessBase"]
[SourceDate "2004.11.03"]
[SourceVersion "1"]
[SourceVersionDate "2004.11.03"]
[SourceQuality "1"]
[WhiteTeam "Venezuela"]
[BlackTeam "Danmark"]
[WhiteTeamCountry "VEN"]
[BlackTeamCountry "DEN"]

1. e4 d6 2. d4 Nf6 3. Nc3 e5 4. dxe5 dxe5 5. Qxd8+ Kxd8 6. Bg5 Be6 7. O-O-O+
Nbd7 8. Bh4 Kc8 9. Nf3 h6 10. Bg3 Bd6 11. Nd2 Ne8 12. Bc4 Bxc4 13. Nxc4 f6 14.
Rd2 a6 15. Rhd1 b5 16. Ne3 Nc5 17. f3 Ne6 18. Ncd5 Rf8 19. Nf5 Bc5 20. Bf2 Bxf2
21. Rxf2 Kb7 22. Nde3 h5 23. Rfd2 g6 24. Ne7 g5 25. N7f5 Nc5 26. Rd5 Kc6 27. c4
Rf7 28. R1d2 b4 29. h3 Ng7 30. Rd8 Rxd8 31. Rxd8 g4 32. hxg4 hxg4 33. Nxg4 Nxe4
34. Nxe5+ fxe5 35. fxe4 Nxf5 36. exf5 Rg7 37. Rd5 Rg5 1/2-1/2

[Event "Calvia ol (Women)"]
[Site "Mallorca"]
[Date "2004.10.25"]
[Round "10.2"]
[White "Steffensen, Elena"]
[Black "Martinez, Aleidi Josefina"]
[Result "0-1"]
[WhiteElo "2080"]
[BlackElo "2201"]
[PlyCount "83"]
[EventDate "2004.10.15"]
[EventType "team-swiss"]
[EventRounds "14"]
[EventCountry "ESP"]
[SourceTitle "CBM 102 Extra"]
[Source "ChessBase"]
[SourceDate "2004.11.03"]
[SourceVersion "1"]
[SourceVersionDate "2004.11.03"]
[SourceQuality "1"]
[WhiteTeam "Danmark"]
[BlackTeam "Venezuela"]
[WhiteTeamCountry "DEN"]
[BlackTeamCountry "VEN"]

1. e4 c5 2. Nc3 Nc6 3. f4 e6 4. Nf3 Nge7 5. e5 d5 6. Bb5 a6 7. Bxc6+ Nxc6 8. d3
Be7 9. O-O O-O 10. Qe1 b5 11. Qe3 f6 12. exf6 Rxf6 13. Ne5 Nd4 14. Rb1 b4 15.
Qf2 bxc3 16. bxc3 Nb5 17. Nc6 Qc7 18. Nxe7+ Qxe7 19. Be3 d4 20. cxd4 cxd4 21.
Bd2 Bb7 22. Rb3 Bd5 23. Rb2 Qc7 24. Re1 Qa7 25. Rb4 Rc8 26. a4 Nd6 27. c4 Bc6
28. a5 Nf5 29. Rb6 h5 30. g3 Rg6 31. Kf1 Qa8 32. Qe2 h4 33. g4 Bf3 34. Qe5 Bxg4
35. Re4 Re8 36. c5 Ne3+ 37. Bxe3 dxe3 38. c6 e2+ 39. Ke1 Qd8 40. d4 Qc8 41. c7
Qa8 42. Rb8 0-1

[Event "Calvia ol (Women)"]
[Site "Mallorca"]
[Date "2004.10.25"]
[Round "10.3"]
[White "Sanchez, Aliris"]
[Black "Olsen, Miriam Frida"]
[Result "1-0"]
[WhiteElo "2095"]
[BlackElo "1998"]
[PlyCount "92"]
[EventDate "2004.10.15"]
[EventType "team-swiss"]
[EventRounds "14"]
[EventCountry "ESP"]
[SourceTitle "CBM 102 Extra"]
[Source "ChessBase"]
[SourceDate "2004.11.03"]
[SourceVersion "1"]
[SourceVersionDate "2004.11.03"]
[SourceQuality "1"]
[WhiteTeam "Venezuela"]
[BlackTeam "Danmark"]
[WhiteTeamCountry "VEN"]
[BlackTeamCountry "DEN"]

1. d4 Nf6 2. c4 e6 3. Nf3 b6 4. e3 Bb7 5. Bd3 c5 6. O-O Be7 7. Nbd2 cxd4 8.
exd4 d6 9. Qe2 Nbd7 10. b3 O-O 11. Re1 h6 12. h3 Re8 13. Ne4 Bxe4 14. Bxe4 Nxe4
15. Qxe4 Nf6 16. Qd3 d5 17. Ne5 Rc8 18. Be3 Ne4 19. Rac1 Bb4 20. Red1 Ba3 21.
Rc2 Qe7 22. Bc1 Bb4 23. Qf3 Rc7 24. Qg4 Nf6 25. Qg3 Ne4 26. Qg4 Nf6 27. Qe2
Rec8 28. Bb2 Qd6 29. Rdc1 Qe7 30. Qe3 Ne4 31. Qe2 Nf6 32. Qe3 Ne4 33. Qd3 Nf6
34. Qe2 Ne4 35. cxd5 exd5 36. Nc6 Rxc6 37. Rxc6 Rxc6 38. Rxc6 Qg5 39. Bc1 Qf5
40. Qc2 Qh5 41. Rc8+ Kh7 42. f3 Qh4 43. fxe4 Qe1+ 44. Kh2 dxe4 45. Bf4 f5 46.
Qc4 Qf2 1-0

[Event "Calvia ol (Women)"]
[Site "Mallorca"]
[Date "2004.10.26"]
[Round "11.1"]
[White "Hansen, Evgenia Peicheva"]
[Black "Hamid, Rani"]
[Result "1-0"]
[WhiteElo "2165"]
[BlackElo "2164"]
[PlyCount "103"]
[EventDate "2004.10.15"]
[EventType "team-swiss"]
[EventRounds "14"]
[EventCountry "ESP"]
[SourceTitle "CBM 102 Extra"]
[Source "ChessBase"]
[SourceDate "2004.11.03"]
[SourceVersion "1"]
[SourceVersionDate "2004.11.03"]
[SourceQuality "1"]
[WhiteTeam "Danmark"]
[BlackTeam "Bangladesh"]
[WhiteTeamCountry "DEN"]
[BlackTeamCountry "BAN"]

1. Nf3 Nf6 2. c4 c5 3. g3 b6 4. Bg2 Bb7 5. b3 e6 6. Bb2 Be7 7. O-O O-O 8. d3 d5
9. e3 Nbd7 10. Qe2 Re8 11. Nc3 a6 12. Ne1 Qc7 13. f4 dxc4 14. bxc4 Bxg2 15.
Nxg2 Qc6 16. g4 Red8 17. g5 Ne8 18. Rf3 b5 19. Rh3 Nf8 20. Nh4 Nd6 21. Rf1 b4
22. Nd1 Nf5 23. Nf2 Qa4 24. Ba1 b3 25. Qb2 f6 26. axb3 Qc6 27. Ng4 Nxh4 28.
gxf6 gxf6 29. Rxh4 e5 30. Nh6+ Kg7 31. fxe5 Nd7 32. Nf5+ Kf8 33. Nxe7 Kxe7 34.
exf6+ Kd6 35. e4 Rg8+ 36. Kf2 Raf8 37. Rf4 Kc7 38. Ke1 Rg5 39. Rf5 Rg4 40. Qd2
Re8 41. R5f4 Rg6 42. f7 Rf8 43. Bc3 Qe6 44. Rf5 Rg4 45. Qe3 Qe7 46. Qh3 Rh4 47.
Qg3+ Kb7 48. Bg7 Rd8 49. f8=Q Rxe4+ 50. dxe4 Qxe4+ 51. Kf2 Nxf8 52. Rxf8 1-0

[Event "Calvia ol (Women)"]
[Site "Mallorca"]
[Date "2004.10.26"]
[Round "11.2"]
[White "Parveen, Seyda Shabana"]
[Black "Vovk, Oksana"]
[Result "1-0"]
[WhiteElo "2139"]
[BlackElo "2153"]
[PlyCount "65"]
[EventDate "2004.10.15"]
[EventType "team-swiss"]
[EventRounds "14"]
[EventCountry "ESP"]
[SourceTitle "CBM 102 Extra"]
[Source "ChessBase"]
[SourceDate "2004.11.03"]
[SourceVersion "1"]
[SourceVersionDate "2004.11.03"]
[SourceQuality "1"]
[WhiteTeam "Bangladesh"]
[BlackTeam "Danmark"]
[WhiteTeamCountry "BAN"]
[BlackTeamCountry "DEN"]

1. d4 Nf6 2. Nf3 c5 3. e3 b6 4. g3 Bb7 5. Bg2 e6 6. O-O Be7 7. c4 O-O 8. b3 d6
9. Bb2 Nbd7 10. Nbd2 Qc7 11. Re1 Rac8 12. Rc1 Qb8 13. Qe2 Qa8 14. e4 cxd4 15.
Nxd4 Rfd8 16. h3 a5 17. f4 e5 18. Nb5 exf4 19. gxf4 Nc5 20. Nc3 Re8 21. Nd5
Nxd5 22. cxd5 Bf8 23. Qf3 Nd7 24. Nc4 b5 25. Ne3 Nc5 26. Nf5 f6 27. Qg3 Kf7 28.
Rcd1 Rc7 29. e5 dxe5 30. fxe5 fxe5 31. Bxe5 Rd7 32. Nh6+ gxh6 33. Rf1+ 1-0

[Event "Calvia ol (Women)"]
[Site "Mallorca"]
[Date "2004.10.27"]
[Round "12.1"]
[White "Mira, Helene"]
[Black "Hansen, Evgenia Peicheva"]
[Result "1/2-1/2"]
[WhiteElo "2158"]
[BlackElo "2165"]
[PlyCount "94"]
[EventDate "2004.10.15"]
[EventType "team-swiss"]
[EventRounds "14"]
[EventCountry "ESP"]
[SourceTitle "CBM 102 Extra"]
[Source "ChessBase"]
[SourceDate "2004.11.03"]
[SourceVersion "1"]
[SourceVersionDate "2004.11.03"]
[SourceQuality "1"]
[WhiteTeam "strig"]
[BlackTeam "Danmark"]
[WhiteTeamCountry "AUT"]
[BlackTeamCountry "DEN"]

1. d4 g6 2. c4 Bg7 3. e4 d6 4. Be2 c5 5. d5 e6 6. Nf3 exd5 7. cxd5 a6 8. O-O
Bg4 9. a4 Nd7 10. Nfd2 Bxe2 11. Qxe2 Qe7 12. Re1 Ngf6 13. Nc4 Ne5 14. Nba3 Nxc4
15. Nxc4 Nd7 16. Bf4 Ne5 17. Bxe5 Bxe5 18. Nxe5 Qxe5 19. Ra3 O-O 20. Rb3 Rab8
21. Rb6 Rfe8 22. Qe3 f5 23. f3 fxe4 24. Qxe4 Qf6 25. Qxe8+ Rxe8 26. Rxe8+ Kf7
27. Re4 Qg5 28. Rxb7+ Kf8 29. h4 Qxd5 30. Ree7 Qd4+ 31. Kf1 Qc4+ 32. Kg1 Qd4+
33. Kf1 Qc4+ 34. Re2 Qxh4 35. Re4 Qh1+ 36. Kf2 Qh6 37. Kg3 Qg5+ 38. Rg4 Qe5+
39. f4 Qe1+ 40. Kh2 h5 41. Rg3 Qe4 42. Ra7 Qxf4 43. Kh3 Qf5+ 44. Kh2 Qe5 45.
Kh3 Qf5+ 46. Kh2 Qe5 47. Kh3 Qf5+ 1/2-1/2

[Event "Calvia ol (Women)"]
[Site "Mallorca"]
[Date "2004.10.27"]
[Round "12.2"]
[White "Steffensen, Elena"]
[Black "Kopinits, Anna Christina"]
[Result "0-1"]
[WhiteElo "2080"]
[BlackElo "2114"]
[PlyCount "82"]
[EventDate "2004.10.15"]
[EventType "team-swiss"]
[EventRounds "14"]
[EventCountry "ESP"]
[SourceTitle "CBM 102 Extra"]
[Source "ChessBase"]
[SourceDate "2004.11.03"]
[SourceVersion "1"]
[SourceVersionDate "2004.11.03"]
[SourceQuality "1"]
[WhiteTeam "Danmark"]
[BlackTeam "strig"]
[WhiteTeamCountry "DEN"]
[BlackTeamCountry "AUT"]

1. e4 Nf6 2. Nc3 d5 3. exd5 Nxd5 4. Nf3 Bg4 5. d4 e6 6. Be2 Be7 7. O-O O-O 8.
Ne4 Nd7 9. h3 Bf5 10. Ng3 Bg6 11. Bd3 c5 12. Bxg6 hxg6 13. c3 Bf6 14. Ne4 Be7
15. Ng3 Qc7 16. Re1 Rfd8 17. Qe2 cxd4 18. Nxd4 e5 19. Nf3 Bc5 20. Ne4 Bb6 21.
Bg5 Re8 22. Rad1 N5f6 23. Bxf6 Nxf6 24. Nd6 Re6 25. Nb5 Qc6 26. Ng5 Re7 27. Rd6
Qe8 28. Qc4 e4 29. Rxb6 axb6 30. Qb3 Rd8 31. Nd4 Nd5 32. Ne2 f6 33. Nf4 fxg5
34. Nxd5 Rf7 35. Nc7 Qe7 36. Ne6 Rd2 37. Rxe4 Qf6 38. f3 Rxg2+ 39. Kxg2 Qxf3+
40. Kh2 Qf2+ 41. Kh1 Qf1+ 0-1

[Event "Calvia ol (Women)"]
[Site "Mallorca"]
[Date "2004.10.27"]
[Round "12.3"]
[White "Sommer, Sonja"]
[Black "Olsen, Miriam Frida"]
[Result "1-0"]
[WhiteElo "2043"]
[BlackElo "1998"]
[PlyCount "107"]
[EventDate "2004.10.15"]
[EventType "team-swiss"]
[EventRounds "14"]
[EventCountry "ESP"]
[SourceTitle "CBM 102 Extra"]
[Source "ChessBase"]
[SourceDate "2004.11.03"]
[SourceVersion "1"]
[SourceVersionDate "2004.11.03"]
[SourceQuality "1"]
[WhiteTeam "strig"]
[BlackTeam "Danmark"]
[WhiteTeamCountry "AUT"]
[BlackTeamCountry "DEN"]

1. e4 c5 2. c3 Nf6 3. e5 Nd5 4. Nf3 Nc6 5. d4 cxd4 6. Bc4 Nb6 7. Bb3 d6 8. exd6
Qxd6 9. O-O Na5 10. Bc2 g6 11. Nxd4 Bg7 12. Nb5 Qxd1 13. Rxd1 O-O 14. Bg5 Nc6
15. N1a3 Be5 16. Be3 Be6 17. Bb3 Bxb3 18. axb3 Nc8 19. Nc4 Bg7 20. Rd7 b6 21.
Rad1 f5 22. Nc7 Rb8 23. Ne6 Re8 24. Bf4 Bf6 25. Bxb8 Nxb8 26. Rd8 Nd6 27. Rxe8+
Nxe8 28. Rd8 Nc6 29. Rxe8+ Kf7 30. Ra8 Kxe6 31. Rxa7 Na5 32. Nxb6 Nxb3 33. Kf1
Nc1 34. Na4 Kd5 35. Rc7 Kd6 36. Rc8 Nb3 37. Ke2 Kd7 38. Rc4 Na5 39. Rc5 Nb7 40.
Rb5 Nd6 41. Rb4 Kc6 42. Kd3 e5 43. f3 Kd5 44. c4+ Kc6 45. Rb6+ Kc7 46. c5 e4+
47. fxe4 Nxe4 48. b4 Be5 49. h3 Bg3 50. Re6 Kd7 51. Ra6 g5 52. Nc3 Nf2+ 53. Kc4
f4 54. Ra7+ 1-0

[Event "Calvia ol (Women)"]
[Site "Mallorca"]
[Date "2004.10.28"]
[Round "13.1"]
[White "Munoz, Carolina"]
[Black "Hansen, Evgenia Peicheva"]
[Result "1/2-1/2"]
[WhiteElo "2091"]
[BlackElo "2165"]
[PlyCount "118"]
[EventDate "2004.10.15"]
[EventType "team-swiss"]
[EventRounds "14"]
[EventCountry "ESP"]
[SourceTitle "CBM 102 Extra"]
[Source "ChessBase"]
[SourceDate "2004.11.03"]
[SourceVersion "1"]
[SourceVersionDate "2004.11.03"]
[SourceQuality "1"]
[WhiteTeam "Costa Rica"]
[BlackTeam "Danmark"]
[WhiteTeamCountry "CRI"]
[BlackTeamCountry "DEN"]

1. e4 d6 2. d4 Nf6 3. Nc3 e5 4. dxe5 dxe5 5. Qxd8+ Kxd8 6. Bg5 Be6 7. O-O-O+
Nbd7 8. f4 exf4 9. Nf3 h6 10. Bxf4 c6 11. Nd4 Bb4 12. e5 Bxc3 13. exf6 Bxd4 14.
Rxd4 gxf6 15. Be2 Kc8 16. Rhd1 h5 17. Bg3 Ne5 18. Bxh5 b5 19. Be2 Bd5 20. Bxb5
Bxg2 21. Ba6+ Kc7 22. Bc4 Kb6 23. Be2 Bd5 24. Rf4 Rh6 25. Bf2+ Kc7 26. Bh4 Re8
27. Bg3 a5 28. Rdf1 Kb6 29. Rxf6 Rxf6 30. Rxf6 Nd7 31. Rf2 Nc5 32. Bf3 Bxa2 33.
Bd6 Ne6 34. b3 a4 35. Kb2 axb3 36. cxb3 Ra8 37. Bh5 Ra6 38. Rf1 Nd4 39. Ra1 Ra5
40. Bxf7 Rf5 41. Bc4 Rf2+ 42. Kc3 Nb5+ 43. Bxb5 Kxb5 44. b4 Rg2 45. h4 Bd5 46.
Bc5 Rg3+ 47. Kd2 Rh3 48. Be7 Kc4 49. Re1 Kd4 50. Ke2 Re3+ 51. Kf2 Rxe1 52. Kxe1
Ke3 53. Kf1 Bf3 54. Kg1 Kf4 55. Kf2 Bh5 56. Bg5+ Ke4 57. Kg3 Bd1 58. Kf2 Bh5
59. Ke1 Kd3 1/2-1/2

[Event "Calvia ol (Women)"]
[Site "Mallorca"]
[Date "2004.10.29"]
[Round "14.1"]
[White "Hansen, Evgenia Peicheva"]
[Black "Ptacnikova, Lenka"]
[Result "0-1"]
[WhiteElo "2165"]
[BlackElo "2257"]
[PlyCount "79"]
[EventDate "2004.10.15"]
[EventType "team-swiss"]
[EventRounds "14"]
[EventCountry "ESP"]
[SourceTitle "CBM 102 Extra"]
[Source "ChessBase"]
[SourceDate "2004.11.03"]
[SourceVersion "1"]
[SourceVersionDate "2004.11.03"]
[SourceQuality "1"]
[WhiteTeam "Danmark"]
[BlackTeam "Island"]
[WhiteTeamCountry "DEN"]
[BlackTeamCountry "ISL"]

1. g3 c5 2. Bg2 g6 3. c4 Bg7 4. Nc3 Nc6 5. e3 e6 6. Nge2 Nge7 7. d3 d5 8. O-O
O-O 9. cxd5 exd5 10. Qb3 d4 11. Ne4 dxe3 12. Bxe3 Bg4 13. Nf4 b6 14. h3 Bd7 15.
g4 Nd4 16. Qd1 Bc6 17. Rb1 a5 18. Re1 Ra7 19. Nc3 Bxg2 20. Kxg2 Rd7 21. Ne4
Nec6 22. g5 Ne5 23. h4 Nf5 24. Rh1 Nxd3 25. Qe2 Nxe3+ 26. Qxe3 Nxf4+ 27. Qxf4
f5 28. gxf6 Bxf6 29. Qg4 Bd4 30. f3 Qe8 31. Rh3 Re7 32. h5 Qa4 33. Re1 Qxa2 34.
Re2 Qe6 35. Qh4 Rg7 36. Rg3 Qc4 37. Rd2 Qe6 38. Ng5 Qe1 39. Rh3 Qa1 40. Kg3 0-1

[Event "Calvia ol (Women)"]
[Site "Mallorca"]
[Date "2004.10.29"]
[Round "14.2"]
[White "Thorsteinsdottir, Gudlaug"]
[Black "Vovk, Oksana"]
[Result "1-0"]
[WhiteElo "2130"]
[BlackElo "2153"]
[PlyCount "43"]
[EventDate "2004.10.15"]
[EventType "team-swiss"]
[EventRounds "14"]
[EventCountry "ESP"]
[SourceTitle "CBM 102 Extra"]
[Source "ChessBase"]
[SourceDate "2004.11.03"]
[SourceVersion "1"]
[SourceVersionDate "2004.11.03"]
[SourceQuality "1"]
[WhiteTeam "Island"]
[BlackTeam "Danmark"]
[WhiteTeamCountry "ISL"]
[BlackTeamCountry "DEN"]

1. d4 Nf6 2. Nf3 e6 3. g3 b6 4. Bg2 Bb7 5. O-O c5 6. e3 Be7 7. c4 O-O 8. Nc3 d6
9. Qc2 Nbd7 10. Rd1 Rc8 11. b3 a6 12. Bb2 cxd4 13. exd4 d5 14. Ne5 Qc7 15. Qe2
dxc4 16. Bxb7 Qxb7 17. Nxc4 b5 18. Ne5 Nb6 19. Rac1 Rc7 20. Ng4 Nfd5 21. Nxd5
Qxd5 22. Rxc7 1-0